000 00304nam a22001337a 4500
008 171009b xxu||||| |||| 00| 0 eng d
020 _a081850448-X
041 _aeng
080 _22ND
_a159.9
100 _a49
101 _aPSI
245 _aDEVELOPMENT IN ADOLESCENCE
_cTHORNBURG,H,D
942 _2udc
_cBK
999 _c32607
_d32607